| 000 | 01158nam a2200265Ia 4500 | ||
|---|---|---|---|
| 003 | OSt | ||
| 005 | 20220923211103.0 | ||
| 006 | a|||||r|||| 00| 0 | ||
| 007 | ta | ||
| 008 | 220922b |||||||| |||| 00| 0 hin d | ||
| 020 |
_a817917011X (hbk) _c500 |
||
| 024 | _a263,215 | ||
| 037 |
_b64, 28/06/2012, Eastern Book Linkers _cTextual |
||
| 040 |
_aARTS _cARTS _bhin |
||
| 041 |
_2hin _ahin |
||
| 082 | _aX.1, 152P3 | ||
| 100 |
_aअमीन, समीर; राम कवींद्र सिंह, अनु. _9158035 |
||
| 245 | 0 |
_aभूमंडलीकरण के युग में पूंजीवाद _b समकालीन समाज का प्रबंधन |
|
| 246 | _aBhūhinḍalīkaraṇ ke yug mean pūanjīvāda: samakālīn samāj kā prabandhana | ||
| 260 |
_aदिल्ली _b ग्रंथ शिल्पी _c2003 |
||
| 300 |
_a191पृ. _ccm. |
||
| 650 |
_aअर्थशास्त्र _9158036 |
||
| 942 |
_hX.1, 152P3 _cTEXL _2CC |
||
| 999 |
_c295039 _d295039 |
||